Gaming Quiz

Random Gaming or Video Games Quiz
Score 0/48 Timer 09:00
0 Plays Today
Era World Wonder % Correct
Ancient EraPyramids
91.9%
Ancient EraStonehenge
80.4%
Classical EraGreat Wall
80.2%
Classical EraHanging Gardens
69.8%
Modern EraEiffel Tower
68.1%
Classical EraColossus
60%
Classical EraGreat Lighthouse
59.2%
Industrial EraBig Ben
56.8%
Classical EraParthenon
56.6%
Renaissance EraTaj Mahal
56.1%
Medieval EraMachu Picchu
55.1%
Modern EraStatue of Liberty
52.7%
Ancient EraGreat Library
51.3%
Classical EraHidden City of Petra
51.1%
Medieval EraAngkor Wat
49%
Modern EraKremlin
48.1%
Atomic EraSydney Opera House
47.4%
Industrial EraBrandenburg Gate
47.4%
Atomic EraCristo Redentor
47.2%
Medieval EraChichen Itza
46.3%
Renaissance EraSistine Chapel
45.2%
Information EraInternational Space Station
44.7%
Renaissance EraForbidden Palace
44.4%
Medieval EraHagia Sophia
43.1%
Era World Wonder % Correct
Ancient EraStatue of Zeus
43%
Ancient EraTemple of Artemis
42.4%
Renaissance EraLeaning Tower of Pisa
40.3%
Industrial EraLouvre
38.9%
Ancient EraMausoleum of Halicarnassus
38.1%
Information EraCN Tower
37%
Medieval EraNotre Dame
36.6%
Classical EraOracle
36.4%
Classical EraTerracotta Army
34.2%
Medieval EraAlhambra
30.7%
Information EraHubble Space Telescope
30.2%
Information EraUnited Nations
29.7%
Atomic EraPentagon
29.2%
Renaissance EraGlobe Theater
28.4%
Renaissance EraPorcelain Tower
26%
Atomic EraThe Great Firewall
25.9%
Renaissance EraHimeji Castle
25.6%
Modern EraBroadway
24.3%
Renaissance EraRed Fort (Lal Qila)
22.2%
Medieval EraGreat Mosque of Djenne
21.7%
Medieval EraBorobudur
20.5%
Renaissance EraThe Uffizi
20%
Modern EraNeuschwanstein Castle
19.2%
Modern EraProra
18.6%
Remove Ads.
Support Sporcle.
Get the best of Sporcle when you Go Orange. This ad-free experience offers more features, more stats, and more fun while also helping to support Sporcle. Thank you for becoming a member.

You're not logged in!

Compare scores with friends on all Sporcle quizzes.
OR
Log In

Sporcle TV

Today on Sporcle TV


Watch our educational content, quiz creation guides, and fun videos on Sporcle TV.

Show Comments

Extras

Top Quizzes Today


Score Distribution

Paid Content

Your Account Isn't Verified!

In order to create a playlist on Sporcle, you need to verify the email address you used during registration. Go to your Sporcle Settings to finish the process.

Report this User

Report this user for behavior that violates our Community Guidelines.

Details: